<?xml version="1.0" encoding="UTF-8"?>
<record
    xmlns:xsi="http://www.w3.org/2001/XMLSchema-instance"
    xsi:schemaLocation="http://www.loc.gov/MARC21/slim http://www.loc.gov/standards/marcxml/schema/MARC21slim.xsd"
    xmlns="http://www.loc.gov/MARC21/slim">

  <leader>00762nam a22001457a 4500</leader>
  <controlfield tag="003">OSt</controlfield>
  <controlfield tag="005">20160219083734.0</controlfield>
  <controlfield tag="008">160219b        xxu||||| |||| 00| 0 eng d</controlfield>
  <datafield tag="040" ind1=" " ind2=" ">
    <subfield code="c">RUA</subfield>
  </datafield>
  <datafield tag="082" ind1=" " ind2=" ">
    <subfield code="a">MNR SUO 2014 B426 O.1</subfield>
  </datafield>
  <datafield tag="100" ind1=" " ind2=" ">
    <subfield code="9">7333</subfield>
    <subfield code="a">SUON PAGNASAK; &#x179F;&#x17BD;&#x1793; &#x1794;&#x1789;&#x17D2;&#x1789;&#x17B6;&#x179F;&#x17D0;&#x1780;&#x17D2;&#x178F;</subfield>
  </datafield>
  <datafield tag="245" ind1=" " ind2=" ">
    <subfield code="a">Rural livelihood adaptive capacity to flood and drougth in pursat province, &#x179F;&#x1798;&#x178F;&#x17D2;&#x1790;&#x1797;&#x17B6;&#x1796;&#x1798;&#x17BB;&#x1781;&#x179A;&#x1794;&#x179A;&#x1785;&#x17B7;&#x1789;&#x17D2;&#x1785;&#x17B9;&#x1798;&#x1787;&#x17B8;&#x179C;&#x17B7;&#x178F;&#x1794;&#x17D2;&#x179A;&#x1787;&#x17B6;&#x1787;&#x1793;&#x1787;&#x1793;&#x1794;&#x1791;&#x1780;&#x17D2;&#x1793;&#x17BB;&#x1784;&#x1780;&#x17B6;&#x179A;&#x1794;&#x1793;&#x17D2;&#x179F;&#x17BB;&#x17C6;&#x1791;&#x17C5;&#x1793;&#x17B9;&#x1784;&#x1782;&#x17D2;&#x179A;&#x17C4;&#x17C7;&#x1791;&#x17B9;&#x1780;&#x1787;&#x17C6;&#x1793;&#x1793;&#x17CB; &#x1793;&#x17B7;&#x1784;&#x1782;&#x17D2;&#x179A;&#x17C4;&#x17C7;&#x179A;&#x17B6;&#x17C6;&#x1784;&#x179F;&#x17D2;&#x1784;&#x17BD;&#x178F;&#x1793;&#x17C5;&#x1780;&#x17D2;&#x1793;&#x17BB;&#x1784;&#x1781;&#x17C1;&#x178F;&#x17D2;&#x178F;&#x1796;&#x17C4;&#x1792;&#x17B7;&#x179F;&#x17B6;&#x178F;&#x17CB;</subfield>
  </datafield>
  <datafield tag="300" ind1=" " ind2=" ">
    <subfield code="a">xii,58p.</subfield>
    <subfield code="b">ill.</subfield>
    <subfield code="c">29cm.</subfield>
  </datafield>
  <datafield tag="942" ind1=" " ind2=" ">
    <subfield code="2">ddc</subfield>
    <subfield code="c">MNR</subfield>
  </datafield>
  <datafield tag="999" ind1=" " ind2=" ">
    <subfield code="c">6912</subfield>
    <subfield code="d">6912</subfield>
  </datafield>
  <datafield tag="952" ind1=" " ind2=" ">
    <subfield code="0">0</subfield>
    <subfield code="1">0</subfield>
    <subfield code="2">ddc</subfield>
    <subfield code="4">0</subfield>
    <subfield code="6">MNR_SUO_2014_000000000000000_B426_O_1</subfield>
    <subfield code="7">0</subfield>
    <subfield code="9">40100</subfield>
    <subfield code="a">LBB</subfield>
    <subfield code="b">LBB</subfield>
    <subfield code="c">B426</subfield>
    <subfield code="d">2016-02-19</subfield>
    <subfield code="o">MNR SUO 2014 B426 O.1</subfield>
    <subfield code="p">RUA051578</subfield>
    <subfield code="r">2016-02-19</subfield>
    <subfield code="w">2016-02-19</subfield>
    <subfield code="y">MNR</subfield>
  </datafield>
  <datafield tag="952" ind1=" " ind2=" ">
    <subfield code="0">0</subfield>
    <subfield code="1">0</subfield>
    <subfield code="2">ddc</subfield>
    <subfield code="4">0</subfield>
    <subfield code="6">MNR_SUO_2014_000000000000000_B426_O_2</subfield>
    <subfield code="7">0</subfield>
    <subfield code="9">40101</subfield>
    <subfield code="a">LBB</subfield>
    <subfield code="b">LBB</subfield>
    <subfield code="c">B426</subfield>
    <subfield code="d">2016-02-19</subfield>
    <subfield code="o">MNR SUO 2014 B426 O.2</subfield>
    <subfield code="p">RUA051318</subfield>
    <subfield code="r">2016-02-19</subfield>
    <subfield code="w">2016-02-19</subfield>
    <subfield code="y">MNR</subfield>
  </datafield>
  <datafield tag="952" ind1=" " ind2=" ">
    <subfield code="0">0</subfield>
    <subfield code="1">0</subfield>
    <subfield code="2">ddc</subfield>
    <subfield code="4">0</subfield>
    <subfield code="6">MNR_SUO_2014_000000000000000_B426_O_3</subfield>
    <subfield code="7">0</subfield>
    <subfield code="9">40102</subfield>
    <subfield code="a">LBB</subfield>
    <subfield code="b">LBB</subfield>
    <subfield code="c">B426</subfield>
    <subfield code="d">2016-02-19</subfield>
    <subfield code="o">MNR SUO 2014 B426 O.3</subfield>
    <subfield code="p">RUA050862</subfield>
    <subfield code="r">2016-02-19</subfield>
    <subfield code="w">2016-02-19</subfield>
    <subfield code="y">MNR</subfield>
  </datafield>
  <datafield tag="952" ind1=" " ind2=" ">
    <subfield code="0">0</subfield>
    <subfield code="1">0</subfield>
    <subfield code="2">ddc</subfield>
    <subfield code="4">0</subfield>
    <subfield code="6">MNR_SUO_2014_000000000000000_B426_O_4</subfield>
    <subfield code="7">0</subfield>
    <subfield code="9">40103</subfield>
    <subfield code="a">LBB</subfield>
    <subfield code="b">LBB</subfield>
    <subfield code="c">B426</subfield>
    <subfield code="d">2016-02-19</subfield>
    <subfield code="l">3</subfield>
    <subfield code="m">1</subfield>
    <subfield code="o">MNR SUO 2014 B426 O.4</subfield>
    <subfield code="p">RUA050799</subfield>
    <subfield code="r">2016-11-27</subfield>
    <subfield code="s">2016-10-26</subfield>
    <subfield code="w">2016-02-19</subfield>
    <subfield code="y">MNR</subfield>
  </datafield>
  <datafield tag="952" ind1=" " ind2=" ">
    <subfield code="0">0</subfield>
    <subfield code="1">0</subfield>
    <subfield code="2">ddc</subfield>
    <subfield code="4">0</subfield>
    <subfield code="6">MNR_SUO_2014_000000000000000_B426_O_5</subfield>
    <subfield code="7">0</subfield>
    <subfield code="9">40104</subfield>
    <subfield code="a">LBB</subfield>
    <subfield code="b">LBB</subfield>
    <subfield code="c">B426</subfield>
    <subfield code="d">2016-02-19</subfield>
    <subfield code="o">MNR SUO 2014 B426 O.5</subfield>
    <subfield code="p">RUA051042</subfield>
    <subfield code="r">2016-02-19</subfield>
    <subfield code="w">2016-02-19</subfield>
    <subfield code="y">MNR</subfield>
  </datafield>
  <datafield tag="952" ind1=" " ind2=" ">
    <subfield code="0">0</subfield>
    <subfield code="1">0</subfield>
    <subfield code="2">ddc</subfield>
    <subfield code="4">0</subfield>
    <subfield code="6">MNR_SUO_2014_000000000000000_B426_O_6</subfield>
    <subfield code="7">0</subfield>
    <subfield code="9">40105</subfield>
    <subfield code="a">LBB</subfield>
    <subfield code="b">LBB</subfield>
    <subfield code="c">B426</subfield>
    <subfield code="d">2016-02-19</subfield>
    <subfield code="o">MNR SUO 2014 B426 O.6</subfield>
    <subfield code="p">RUA051319</subfield>
    <subfield code="r">2016-02-19</subfield>
    <subfield code="w">2016-02-19</subfield>
    <subfield code="y">MNR</subfield>
  </datafield>
  <datafield tag="952" ind1=" " ind2=" ">
    <subfield code="0">0</subfield>
    <subfield code="1">0</subfield>
    <subfield code="2">ddc</subfield>
    <subfield code="4">0</subfield>
    <subfield code="6">MNR_SUO_2014_000000000000000_B426_O_7</subfield>
    <subfield code="7">0</subfield>
    <subfield code="9">40106</subfield>
    <subfield code="a">LBB</subfield>
    <subfield code="b">LBB</subfield>
    <subfield code="c">B426</subfield>
    <subfield code="d">2016-02-19</subfield>
    <subfield code="l">1</subfield>
    <subfield code="o">MNR SUO 2014 B426 O.7</subfield>
    <subfield code="p">RUA051474</subfield>
    <subfield code="r">2016-07-16</subfield>
    <subfield code="s">2016-07-09</subfield>
    <subfield code="w">2016-02-19</subfield>
    <subfield code="y">MNR</subfield>
  </datafield>
  <datafield tag="952" ind1=" " ind2=" ">
    <subfield code="0">0</subfield>
    <subfield code="1">0</subfield>
    <subfield code="2">ddc</subfield>
    <subfield code="4">0</subfield>
    <subfield code="6">MNR_SUO_2014_000000000000000_B426_O_8</subfield>
    <subfield code="7">0</subfield>
    <subfield code="9">40107</subfield>
    <subfield code="a">LBB</subfield>
    <subfield code="b">LBB</subfield>
    <subfield code="c">B426</subfield>
    <subfield code="d">2016-02-19</subfield>
    <subfield code="l">2</subfield>
    <subfield code="m">2</subfield>
    <subfield code="o">MNR SUO 2014 B426 O.8</subfield>
    <subfield code="p">RUA051866</subfield>
    <subfield code="r">2016-08-12</subfield>
    <subfield code="s">2016-06-21</subfield>
    <subfield code="w">2016-02-19</subfield>
    <subfield code="y">MNR</subfield>
  </datafield>
</record>
